00342nam a22001097a 4500008004100000020001500041082001700056100002300073245008300096260004400179300000900223230626b xxu||||| |||| 00| 0 eng d a0199200955 a339.109bLAD cLouis J. Walinsky  athe Selected Pepers of Wolf LadejinskybAgrarian Reform as Unfinished Business aNew YorkbOxford university pressc1977 a603p